Stress-strain behaviour of soils; (Record no. 546381)
[ view plain ]
| 000 -LEADER | |
|---|---|
| fixed length control field | 00817cam a2200217 4500 |
| 020 ## - INTERNATIONAL STANDARD BOOK NUMBER | |
| International Standard Book Number | 0854291210 |
| 082 00 - DEWEY DECIMAL CLASSIFICATION NUMBER | |
| Classification number | 624.15136 |
| Author Mark | STR |
| -- | L-16, P-57 |
| 100 ## - MAIN ENTRY--PERSONAL NAME | |
| Personal name | Parry, H. G |
| 9 (RLIN) | 42501 |
| 245 10 - TITLE STATEMENT | |
| Title | Stress-strain behaviour of soils; |
| Remainder of title | proceedings of the Roscoe Memorial Symposium, Cambridge University, 29-31 March 1971. |
| Statement of responsibility, etc. | Edited by R. H. G. Parry. |
| 250 ## - EDITION STATEMENT | |
| Edition statement | 1st ed. |
| 260 ## - PUBLICATION, DISTRIBUTION, ETC. | |
| Place of publication, distribution, etc. | Henley-on-Thames [Eng.] |
| Name of publisher, distributor, etc. | G. T. Foulis, |
| Date of publication, distribution, etc. | 1971. |
| 300 ## - PHYSICAL DESCRIPTION | |
| Extent | x, 752 p. |
| Other physical details | illus. |
| Dimensions | 26 cm. |
| 500 ## - GENERAL NOTE | |
| General note | Symposium held as a memorial to Professor K. H. Roscoe. |
| 526 ## - STUDY PROGRAM INFORMATION NOTE | |
| Program name | 0 |
| Interest level | 0 |
| Reading level | 0 |
| Title point value | 624_151360000000000_STR |
| 650 #0 - SUBJECT ADDED ENTRY--TOPICAL TERM | |
| Topical term or geographic name entry element | MCE |
| 9 (RLIN) | 379 |
| 650 #0 - SUBJECT ADDED ENTRY--TOPICAL TERM | |
| Topical term or geographic name entry element | Soil mechanics |
| General subdivision | Congresses. |
| 9 (RLIN) | 42502 |
| 650 #0 - SUBJECT ADDED ENTRY--TOPICAL TERM | |
| Topical term or geographic name entry element | Strains and stresses |
| General subdivision | Congresses. |
| 9 (RLIN) | 42503 |
| 700 1# - ADDED ENTRY--PERSONAL NAME | |
| Personal name | Parry, R. H. G. |
| 9 (RLIN) | 42504 |
| 700 1# - ADDED ENTRY--PERSONAL NAME | |
| Personal name | Roscoe, Kenneth Harry. |
| 9 (RLIN) | 42505 |
| 942 ## - ADDED ENTRY ELEMENTS (KOHA) | |
| Source of classification or shelving scheme | |
| Koha item type | Book |
| Withdrawn status | Lost status | Source of classification or shelving scheme | Damaged status | Not for loan | Permanent Location | Current Location | Date acquired | Total Checkouts | Full call number | Barcode | Date last seen | Price effective from | Koha item type |
|---|---|---|---|---|---|---|---|---|---|---|---|---|---|
| Military College of Engineering (MCE) | Military College of Engineering (MCE) | 06/11/2014 | 624.15136 STR | MCE-24353 | 06/11/2014 | 06/11/2014 | Book |
